Where Are They From - City #10 - Statistics

General Stats
  • This quiz has been taken 32 times
  • The average score is 6 of 12
Answer Stats
Hint Answer % Correct
Sean Connery, Alexander Graham Bell, Tony Blair, Shirley Manson Edinburgh
85%
Kobe Bryant, Will Smith, Grace Kelly, Kevin Bacon Philadelphia
81%
Angela Merkel, Karl Lagerfeld, Alexander Zverev, Johannes Brahms Hamburg
67%
Shah Rukh Khan, Saif Ali Khan, Madhubala, Rahul Gandhi New Delhi
63%
Maluma, Sabina Mazo, René Higuita, Catalina Morales Medellin
56%
Mario Balotelli, Giovanni Falcone, Marco Cecchinato, Dajana Roncione Palermo
56%
Tsai Ing-wen, Steve Chen, Joan Lin Feng-jiao, Jerry Yang Taipei
52%
Michael Essien, William Boyd, Azumah Nelson, Juliet Ibrahim Accra
48%
Sia, Howard Florey, Samara Weaving, Terence Tao Adelaide
44%
Lynda Carter, Cindy McCain, Chester Bennington, Jeremy Accardo Phoenix
33%
Rita Ora, Ardian Bujupi, Era Istrefi, Aziz Salihu Pristina
33%
Fatih Terim, Kıvanç Tatlıtuğ, Pınar Deniz, Aslı Canan Sabırlı Adana
26%
No matching quizzes found
Score Distribution
Percent of People with Each Score
Percentile by Number Answered
Your Score History
You have not taken this quiz